Change a Letter Slideshow II Quiz Stats

Quiz Updated Jul 23, 2015

Challenge
Share
Tweet
Score 0/20 Timer 05:00
3 Plays Today
% Correct
bear & beer
99.8%
dice & rice
98.2%
boat & boot
97.4%
fork & fort
95.1%
lime & time
94.2%
bath & bats
94.1%
bomb & comb
93.9%
lamb & lamp
93.7%
bite & kite
93.6%
fish & fist
93.1%
% Correct
knit & knot
92.3%
hoof & hook
89.4%
sink & pink
88.1%
dock & duck
87.8%
cake & cape
83.4%
hail & hair
81.4%
chop & coop
80.1%
card & carp
78.9%
pram & pray
66.8%
bard & barn
66.4%

You're not logged in!

Compare scores with friends on all Sporcle quizzes.
Sign Up with Email
OR
Log In

You Might Also Like...

Show Comments

Extras

Top Quizzes Today


Score Distribution

Your Account Isn't Verified!

In order to create a playlist on Sporcle, you need to verify the email address you used during registration. Go to your Sporcle Settings to finish the process.